| 000 | 00663nam a2200265Ia 4500 | ||
|---|---|---|---|
| 005 | 20251020182513.0 | ||
| 008 | 200515s9999 xx 000 0 und d | ||
| 020 | _a978-612-00-0035-9 | ||
| 082 | _a657.72.02/V32 | ||
| 100 | _aVásquez Bustamante, Oscar | ||
| 245 | 0 | _aMetrados en Edificaiones. Especialidad Arquitectura | |
| 250 | _a1a ed. | ||
| 260 | _aLima | ||
| 260 | _bNelsa ; ARQUICO ; CINCISAC | ||
| 260 | _c2010 | ||
| 300 | _a150 p. | ||
| 300 | _bil., tbl., graf., map. | ||
| 500 | _a1 ejemplar | ||
| 650 | _aARQUITECTURA | ||
| 650 | _aCONTABILIDAD | ||
| 650 | _aEDIFICACIONES | ||
| 650 | _aMETRADOS | ||
| 942 | _cLIB | ||
| 999 |
_c1500 _d1500 |
||